000 00548nam a2200205Ia 4500
005 20250326141718.0
008 250326s9999 xx 000 0 und d
020 _a81-85386-16-1
037 _aTextbook
040 _aFMSL
_beng
_cFMSL
041 _aeng
_2eng
084 _aX:51:f N0
_qFMSL
100 _aBoyd (H W)
245 0 _aMarketing research text and cases
_cBoyd (H W)
250 _a7
260 _aNew Delhi
_bNew Delhi, Richard D Irwin
_c1990
300 _a816p
942 _cTB
_hX:51:f N0
999 _c1291611
_d1291611